000 00448 a2200109 4500
020 _a3772356710
920 _a3-7723-5671-0
100 1 _aBernhard, Heinrich.
_eAutor
245 0 _aLeitfaden der Impulstechnik :
_b100 Grundschaltungen und elektronische Impulsmesstechnik (Elektronenstrahl-Oszilloskop) fuer alle Elektronik-Berufe /
_cBernhard Heinrich.
710 2 _aFranzis-Verlag.
_eWydawca
_4pbl
260 _aMuenchen :
_bFranzis-Verlag,
_c1973.
300 _a255 s.;
_c25 cm.
999 _c3741
_d3741